| 000 | 01383cam a22003495i 4500 | ||
|---|---|---|---|
| 999 |
_c27789 _d27760 |
||
| 001 | 007520582 | ||
| 003 | EG-ScBUE | ||
| 005 | 20191121132657.0 | ||
| 008 | 751229t1975 ne a f b 001 0 eng d | ||
| 020 | _a902860104X | ||
| 040 |
_aUk _beng _erda _cUk _dEG-ScBUE |
||
| 041 | 1 |
_aeng _hcze |
|
| 082 | 0 | 4 |
_a624.17 _bPAN _222 |
| 100 | 1 |
_aPanc, Vladimír, _eauthor. |
|
| 245 | 1 | 0 |
_aTheories of elastic plates / _cVladimír Panc, Technical University in Prague, Building Research Institute. |
| 250 | _aSecond edition. | ||
| 264 | 1 |
_aLeyden, Netherlands : _bNoordhoff International Publishing ; _aPrague : _bAcademia Publishing House of the Czechoslovak Academy of Sciences, _c[1975] |
|
| 264 | 4 | _cc1975 | |
| 300 |
_axx, 716 pages ; _c23 cm. |
||
| 336 |
_atext _2rdacontent _btxt |
||
| 337 |
_aunmediated _2rdamedia _bn |
||
| 338 |
_avolume _2rdacarrier _bnc |
||
| 490 | 0 |
_aMonographs and textbooks on mechanics of solids and fluids. _aMechanics of surface structures ; _v2 |
|
| 500 | _aRevised translation by the author of Czech edition, Prague, 1970. | ||
| 500 | _aA translation with revisions of Teorie pružných desek. | ||
| 504 | _aIncludes bibliographical references and index. | ||
| 546 | _aText in English ; translated from original Czech. | ||
| 650 | 7 |
_aElastic plates and shells. _2BUEsh |
|
| 653 |
_bENGCHE _cNovember2019 |
||
| 655 | _vReading book | ||
| 942 |
_2ddc _cBB |
||